000 00298nam a22001337a 4500
008 181017b xxu||||| |||| 00| 0 eng d
020 _a9780669397284
041 _aeng
080 _211th
_a940
100 _a16
101 _aSHH
245 _aThe American Pageant
_cBailey,Th.A
942 _2udc
_cBK
999 _c50017
_d50017